000 00552nam a2200193Ia 4500
003 GCL
008 140319s9999 xx 000 0 ara d
040 _aGCL /
_cGCL
082 0 4 _a891.7
_bش ن
100 1 _aشولوخوف، ميخائيل
245 1 0 _aالنهر الهادىء /
_cشولوخوف، ميخائيل
700 1 _aمصطفى الحسين
700 1 _aانسية ابوالنصر
490 _aكتاب
_v0
650 0 4 _aالادب
650 0 4 _aالادب الروسى
650 0 4 _aالقصص الروسية
942 _2ddc
_cBK
999 _c41835
_d41835